Študijná príručka - Fakulta environmentálnej a výrobnej techniky ...
| New Title: | Študijná príručka - Fakulta techniky ... |
|---|---|
| Previous Title: | Študijný program ... |
| Corporate Author: | |
| Format: | Serial |
| Language: | Slovak |
| PhysicalDescription: | 15 zv. 21 cm |
| Published: |
Vo Zvolene
Technická univerzita
2004-2018
|
| ISBN: | 8022813699 (brož. : r. 2004/2005) 8022814970 (brož. : r. 2005/2006) 8022816434 (brož. : r. 2006/2007) 9788022817738 (brož. : r. 2007/2008) 9788022820141 (brož. : r. 2009/2010) 9788022821346 (brož. : r. 2010/2011) 9788022822626 (brož. : r. 2011/2012) 9788022823838 (brož. : r. 2012/2013) 9788022825399 (brož. : r. 2013/2014) 9788022826617 (brož. : r. 2014/2015) 9788022828918 (brož. : r. 2016/2017) 9788022829830 (brož. : r. 2017/2018) 9788022830683 (brož. : r. 2018/2019) 9788022819015 (brož. : r. 2008/2009) |
| Subjects: |
MARC
| LEADER | 00000cas a2200000 a 4500 | ||
|---|---|---|---|
| 001 | vtls001486165 | ||
| 003 | SK-MaSNL | ||
| 005 | 20260228160828.0 | ||
| 008 | 041129d20042018xo ar| 0 0b0slo | ||
| 015 | |a SNB2019-(r. 2008/2009, r. 2009/2010, r. 2010/2011, r. 2011/2012, r. 2012/2013, r. 2013/2014, r. 2014/2015, r. 2016/2017, r. 2017/2018, r. 2018/2019) | ||
| 020 | |a 8022813699 (brož. : r. 2004/2005) | ||
| 020 | |a 8022814970 (brož. : r. 2005/2006) | ||
| 020 | |a 8022816434 (brož. : r. 2006/2007) | ||
| 020 | |a 9788022817738 (brož. : r. 2007/2008) | ||
| 020 | |a 9788022820141 (brož. : r. 2009/2010) | ||
| 020 | |a 9788022821346 (brož. : r. 2010/2011) | ||
| 020 | |a 9788022822626 (brož. : r. 2011/2012) | ||
| 020 | |a 9788022823838 (brož. : r. 2012/2013) | ||
| 020 | |a 9788022825399 (brož. : r. 2013/2014) | ||
| 020 | |a 9788022826617 (brož. : r. 2014/2015) | ||
| 020 | |a 9788022828918 (brož. : r. 2016/2017) | ||
| 020 | |a 9788022829830 (brož. : r. 2017/2018) | ||
| 020 | |a 9788022830683 (brož. : r. 2018/2019) | ||
| 020 | |a 9788022819015 (brož. : r. 2008/2009) | ||
| 035 | |a SNK000441458 | ||
| 040 | |a SNK |b slo |c SNK |e AACR2 | ||
| 041 | 0 | |a slo | |
| 043 | |a e-xo--- | ||
| 044 | |a xo |c SK | ||
| 072 | 7 | |a 378 |x Vysoké školy |2 konspekt | |
| 080 | |a 378.6:62 |2 2011 | ||
| 080 | |a 37.091.3 |2 2011 | ||
| 080 | |a 338.3 |2 2011 | ||
| 080 | |a 62 |2 2011 | ||
| 080 | |a (437.641) |2 2011 | ||
| 080 | |a (036) |2 2011 | ||
| 080 | |a 050 |2 2011 | ||
| 080 | |a (073) |2 2011 | ||
| 110 | 2 | |a Technická univerzita vo Zvolene. |b Fakulta environmentálnej a výrobnej techniky |9 133252 | |
| 245 | 1 | 0 | |a Študijná príručka - Fakulta environmentálnej a výrobnej techniky ... |
| 246 | 1 | |i Názov v tiráži: |a Študijná príručka Fakulty environmentálnej a výrobnej techniky TU vo Zvolene na školský rok ... | |
| 260 | |a Vo Zvolene |b Technická univerzita |c 2004-2018 | ||
| 300 | |a 15 zv. |c 21 cm | ||
| 310 | |a 1x ročne | ||
| 362 | 0 | |a 2004/2005-2018/2019 | |
| 500 | |a Názov z obalu | ||
| 500 | |a Súčasťou názvu je označenie akademického roku | ||
| 650 | 0 | 7 | |a vysoké školy technické |2 SNKPH |9 71431 |
| 650 | 0 | 7 | |a technika |2 SNKPH |9 671 |
| 650 | 0 | 7 | |a výroba |2 SNKPH |9 15916 |
| 650 | 0 | 7 | |a štúdium a výučba |2 SNKPH |9 3982 |
| 650 | 0 | 7 | |a Technical universities |2 SNKPHeng |9 265533 |
| 650 | 0 | 7 | |a Technic |2 SNKPHeng |9 267208 |
| 650 | 0 | 7 | |a Production |2 SNKPHeng |9 267417 |
| 650 | 0 | 7 | |a Study and teaching |2 SNKPHeng |9 265408 |
| 651 | 7 | |a Zvolen (Slovensko) |2 SNKPHgeo |9 14595 | |
| 651 | 7 | |a Zvolen (Slovakia) |2 SNKPHeng |9 265535 | |
| 655 | 7 | |a študijné programy |2 SNKPH |9 265409 | |
| 655 | 7 | |a informačné publikácie |2 SNKPH |9 70181 | |
| 655 | 7 | |a ročenky |2 SNKPH |9 57146 | |
| 655 | 7 | |a Study programs |2 SNKPHeng |9 265536 | |
| 655 | 7 | |a Information publications |2 SNKPHeng |9 265188 | |
| 655 | 7 | |a Yearbooks |2 SNKPHeng |9 120938 | |
| 752 | |a Slovenko |d Zvolen | ||
| 780 | 0 | 0 | |t Študijný program ... |w vtls001477591 |
| 785 | 0 | 0 | |t Študijná príručka - Fakulta techniky ... |w vtls011985455 |
| 910 | |a snk | ||
| 919 | |a 80-228-1369-9 | ||
| 919 | |a 80-228-1497-0 | ||
| 919 | |a 80-228-1643-4 | ||
| 919 | |a 978-80-228-1773-8 | ||
| 919 | |a 978-80-228-2014-1 | ||
| 919 | |a 978-80-228-2134-6 | ||
| 919 | |a 978-80-228-2262-6 | ||
| 919 | |a 978-80-228-2383-8 | ||
| 919 | |a 978-80-228-2539-9 | ||
| 919 | |a 978-80-228-2661-7 | ||
| 919 | |a 978-80-228-2891-8 | ||
| 919 | |a 978-80-228-2983-0 | ||
| 919 | |a 978-80-228-3068-3 | ||
| 919 | |a 978-80-228-1901-5 | ||
| 999 | |c 3697 |d 5627 | ||
| 952 | |0 0 |1 0 |4 0 |7 0 |8 0 |a SNK |b SNK |d 2006-05-15 |i snk2006/9589 |l 0 |o snkČSD 311/D/2005-2006 |p 17A0502154 |r 2026-02-21 19:52:19 |w 2026-02-21 |y PREZ | ||
| 952 | |0 0 |1 0 |4 0 |7 0 |8 0 |a SNK |b SNK |d 2006-05-15 |i snk2006/9590 |l 0 |o snkČSD 311/D/2005-2006 D1 |p 17A0502155 |r 2026-02-21 19:52:19 |w 2026-02-21 |y PREZ | ||
| 952 | |0 0 |1 0 |4 0 |7 0 |8 0 |a SNK |b SNK |d 2006-10-06 |i snk2006/20130 |l 0 |o snkČSD 311/D/2006-2007 |p 17A0502882 |r 2026-02-21 20:04:28 |w 2026-02-21 |y PREZ | ||
| 952 | |0 0 |1 0 |4 0 |7 0 |8 0 |a SNK |b SNK |d 2006-10-06 |i snk2006/20131 |l 0 |o snkČSD 311/D/2006-2007 D1 |p 17A0502883 |r 2026-02-21 20:04:28 |w 2026-02-21 |y PREZ | ||
| 952 | |0 0 |1 0 |4 0 |7 0 |8 0 |a SNK |b SNK |d 2008-01-28 |i snk2008/2114 |l 0 |o snkČSD 311/D/2007-2008 D1 |p 17A0574343 |r 2026-02-21 20:16:45 |w 2026-02-21 |y PREZ | ||
| 952 | |0 0 |1 0 |4 0 |7 0 |8 0 |a SNK |b SNK |d 2008-01-28 |i snk2008/2113 |l 0 |o snkČSD 311/D/2007-2008 |p 17A0574342 |r 2026-02-21 20:28:22 |w 2026-02-21 |y PREZ | ||
| 952 | |0 0 |1 0 |4 0 |7 0 |a SNK |b SNK |d 2004-11-29 |i snkPV 1525/2004 |l 0 |o snkČSD 311/D/2004-2005 |p 17A0446088 |r 2005-01-02 00:00:00 |t |w 2026-02-21 |y PREZ | ||
| 952 | |0 0 |1 0 |4 0 |7 0 |a SNK |b SNK |d 2004-11-29 |i snkPV 1526/2004 |l 0 |o snkČSD 311/D/2004-2005 D1 |p 17A0446089 |r 2005-01-02 00:00:00 |t |w 2026-02-21 |y PREZ | ||
| 952 | |0 0 |1 0 |4 0 |7 0 |8 0 |a SNK |b SNK |d 2019-03-18 |i snk2019/7290 |l 0 |o snkČSD 311/D/2009-2010 |p 17A1342669 |r 2026-02-21 21:51:17 |w 2026-02-21 |y PREZ | ||
| 952 | |0 0 |1 0 |4 0 |7 0 |8 0 |a SNK |b SNK |d 2019-03-18 |i snk2019/7293 |l 0 |o snkČSD 311/D/2010-2011 |p 17A1342670 |r 2026-02-21 21:51:17 |w 2026-02-21 |y PREZ | ||
| 952 | |0 0 |1 0 |4 0 |7 0 |8 0 |a SNK |b SNK |d 2019-03-18 |i snk2019/7294 |l 0 |o snkČSD 311/D/2011-2012 |p 17A1342671 |r 2026-02-21 21:51:17 |w 2026-02-21 |y PREZ | ||
| 952 | |0 0 |1 0 |4 0 |7 0 |8 0 |a SNK |b SNK |d 2019-03-18 |i snk2019/7297 |l 0 |o snkČSD 311/D/2012-2013 |p 17A1342672 |r 2026-02-21 21:51:17 |w 2026-02-21 |y PREZ | ||
| 952 | |0 0 |1 0 |4 0 |7 0 |8 0 |a SNK |b SNK |d 2019-03-18 |i snk2019/7299 |l 0 |o snkČSD 311/D/2013-2014 |p 17A1342673 |r 2026-02-21 21:51:17 |w 2026-02-21 |y PREZ | ||
| 952 | |0 0 |1 0 |4 0 |7 0 |8 0 |a SNK |b SNK |d 2019-03-18 |i snk2019/7302 |l 0 |o snkČSD 311/D/2014-2015 |p 17A1116826 |r 2026-02-21 21:51:17 |w 2026-02-21 |y PREZ | ||
| 952 | |0 0 |1 0 |4 0 |7 0 |8 0 |a SNK |b SNK |d 2019-03-18 |i snk2019/7304 |l 0 |o snkČSD 311/D/2016-2017 |p 17A1342674 |r 2026-02-21 21:51:17 |w 2026-02-21 |y PREZ | ||
| 952 | |0 0 |1 0 |4 0 |7 0 |8 0 |a SNK |b SNK |d 2019-03-18 |i snk2019/7306 |l 0 |o snkČSD 311/D/2017-2018 |p 17A1342675 |r 2026-02-21 21:51:17 |w 2026-02-21 |y PREZ | ||
| 952 | |0 0 |1 0 |4 0 |7 0 |8 0 |a SNK |b SNK |d 2019-03-18 |i snk2019/7310 |l 0 |o snkČSD 311/D/2018-2019 |p 17A1342676 |r 2026-02-21 21:51:17 |w 2026-02-21 |y PREZ | ||
| 952 | |0 0 |1 0 |4 0 |7 0 |8 0 |a SNK |b SNK |d 2019-08-14 |i snk2019/20818 |l 0 |o snkČSD 311/D/2008-2009 |p 17A1369155 |r 2026-02-21 22:28:54 |w 2026-02-21 |y PREZ | ||


